00388nam a2200157Ia 4500008004100000041000800041082001100049100001800060245005800078250000800136260002500144300001400169542001500183551002300198650000900221220531s9999 xx 000 0 und d aeng a-bSHA aShamkuwar, M. aAdvance Database Management System, Mca- Semester Iii a1ST aPunebTech-Maxc2015 a7-26, B-8 d16-07-2015 aMcabNon-grant-MRA aDBMS